Estatísticas para Analogias

Clique aqui para jogar o quiz

Estatísticas Gerais

  • Esse quiz foi jogado 672 vezes
  • A pontuação média é 15 de 25

Estatísticas das Respostas

Isso é para Isso,Assim Como Isso é para IssoResposta% Correto
Buenos Aires para a Argentina______ para o JapãoTóquio
95%
6 para hexágono_ para heptágono7
89%
os espaguetes para italianoos tacos para ________mexicano
88%
O Rei Leão para a selvaA Pequena Sereia para o ___mar
86%
quiz para Jetpunk_____ para Youtubevidéo
82%
optometrista para os olhospsicólogo para a _____mente
79%
Isaac Newton para a ciênciaSigmund Freud para a __________psicologia
79%
os reais para o Brasilos _____ para Portugaleuros
78%
bonjour para olámerci para ________obrigado
74%
Mary para Maria____ para JoãoJohn
73%
o comunismo para a Coreia do Norteo ___________ para os Estados Unidoscapitalismo
70%
JK Rowling para Harry PotterJRR Tolkien para _ ______ ___ _____O Senhor dos Anéis
63%
lua para planeta_______ para solplaneta
61%
Xangai para a ChinaMedellin para a ________Colômbia
56%
adesivo para temporáriotatuagem para __________permanente
55%
o espanhol para Méxicoo _______ para Malifrancês
54%
tornado para a terra_______ para o marfuracão
51%
Deodoro da Fonseca para o Brasil______ __________ para os Estados UnidosGeorge Washington
49%
Drácula para vampiroCasper para ________fantasma
47%
Austrália para a InglaterraVietnã para a ______França
45%
Ai Se Eu Te Pego para Michel TelóBalada Boa para ________ ____Gusttavo Lima
40%
Botas para DoraGary para ___ _______Bob Esponja
35%
capacete para segurançabomba para ______perigo
32%
Patrício para a Irlanda_________ para o MéxicoGuadalupe
26%
Cristo o Redentor para Rio de Janeiroo Teatro de Ópera para ______Sydney
26%

Distribuição das Pontuações

Percentil de Números Respondidos

Porcentagem de Pessoas com Cada Pontuação

Sua Pontuação Histórica

Você não jogou esse quiz